[Event "Titled Tuesday intern op 22nd Aug Late"]
[Site "Chess.com INT"]
[Date "2023.08.22"]
[Round "9"]
[White "Goldsztejn, Gildas"]
[Black "Martinez Ramirez, Lennis"]
[Result "0-1"]
[WhiteElo "2407"]
[BlackElo "2457"]
[PlyCount "72"]
[EventDate "2023.08.22"]
[EventType "swiss (blitz)"]
[EventRounds "11"]
[EventCountry "USA"]
[SourceTitle "EXT 2024"]
[Source "ChessBase"]
[SourceDate "2023.10.10"]
[SourceVersion "1"]
[SourceVersionDate "2023.10.10"]
[SourceQuality "1"]

1. e4 c5 2. Nf3 Nc6 3. Bb5 g6 4. Bxc6 dxc6 5. d3 Bg7 6. h3 Qc7 7. a4 a5 8. Nc3 e5 9. Be3 b6 10. Qd2 Nf6 11. Bh6 0-0 12. Bxg7 Kxg7 13. 0-0 Nh5 14. Ne2 Rd8 15. Qc3 Re8 16. Kh2 Ba6 17. g4 Nf6 18. Ng3 h6 19. Nd2 g5 20. Nf5+ Kh7 21. Rh1 Bc8 22. Kg2 Bxf5 23. gxf5 Nh5 24. h4 g4 25. f3 Rg8 26. fxg4 Rxg4+ 27. Kf2 Rag8 28. Rag1 Qe7 29. Nf3 f6 30. Qb3 Nf4 31. Qxb6 Rg2+ 32. Rxg2 Rxg2+ 33. Kf1 Qg7 34. Qxc5 h5 35. Rg1 Kh6 36. Ke1 Qg3+ 0-1

[Event "Titled Tuesday intern op 22nd Aug Late"]
[Site "Chess.com INT"]
[Date "2023.08.22"]
[Round "2"]
[White "Goldsztejn, Gildas"]
[Black "Merino Garcia, Rafael"]
[Result "1-0"]
[WhiteElo "2407"]
[BlackElo "2407"]
[PlyCount "61"]
[EventDate "2023.08.22"]
[EventType "swiss (blitz)"]
[EventRounds "11"]
[EventCountry "USA"]
[SourceTitle "EXT 2024"]
[Source "ChessBase"]
[SourceDate "2023.10.10"]
[SourceVersion "1"]
[SourceVersionDate "2023.10.10"]
[SourceQuality "1"]

1. e4 d6 2. d4 Nd7 3. g3 g6 4. Bg2 Bg7 5. Ne2 e6 6. 0-0 Ne7 7. c4 0-0 8. Nbc3 h6 9. f4 f5 10. e5 dxe5 11. dxe5 Nc6 12. Be3 Qe7 13. a3 a5 14. Nb5 Nc5 15. Nxc7 Qxc7 16. Bxc5 Rd8 17. Bd6 Qb6+ 18. Kh1 a4 19. Qc2 Na5 20. c5 Qa6 21. Nd4 Bd7 22. Rfd1 Nc4 23. Bf1 Ne3 24. Bxa6 Nxc2 25. Bxb7 Nxa1 26. Bxa8 Rxa8 27. Rxa1 Rc8 28. Rc1 Bf8 29. c6 Be8 30. Kg1 g5 31. c7 1-0

[Event "FRA-chT Top 16 GpB"]
[Site "Chartres"]
[Date "2022.06.12"]
[Round "4.1"]
[White "Goldsztejn, Gildas"]
[Black "Le Pen, Steven"]
[Result "1-0"]
[WhiteElo "2413"]
[BlackElo "2079"]
[PlyCount "69"]
[EventDate "2022.06.09"]
[EventType "team-tourn"]
[EventRounds "7"]
[EventCountry "FRA"]
[SourceTitle "CBM 208 Extra"]
[Source "ChessBase"]
[SourceDate "2022.07.31"]
[SourceVersion "1"]
[SourceVersionDate "2022.07.31"]
[SourceQuality "1"]
[WhiteTeam "Asnieres"]
[BlackTeam "Echiquier de l'Erdre"]
[WhiteTeamCountry "FRA"]
[BlackTeamCountry "FRA"]

1. Nf3 c5 2. c4 Nc6 3. Nc3 e5 4. g3 g6 5. Bg2 Bg7 6. 0-0 Nge7 7. a3 0-0 8. Rb1 a5 9. Ne1 d6 10. Nc2 Be6 11. Ne3 Rb8 12. Ned5 b6 13. d3 Qd7 14. Re1 Bh3 15. Bh1 Nxd5 16. Nxd5 Ne7 17. Nxe7+ Qxe7 18. b4 Be6 19. bxa5 bxa5 20. Bd2 Rxb1 21. Qxb1 a4 22. Qb5 Bd7 23. Qb7 Re8 24. Rb1 f5 25. Qa7 Be6 26. Rb7 Qf6 27. Bc6 Rc8 28. Bg5 Qxg5 29. Rxg7+ Kf8 30. Rxh7 Qf6 31. Bxa4 Bf7 32. Qd7 Ra8 33. Bc6 Rxa3 34. Qc8+ Ke7 35. Qe8# 1-0

[Event "FRA-chT Top 12"]
[Site "Chalons en Champagne"]
[Date "2021.07.02"]
[Round "9.1"]
[White "Goldsztejn, Gildas"]
[Black "Hirth, Julien"]
[Result "1-0"]
[WhiteElo "2422"]
[BlackElo "2048"]
[PlyCount "77"]
[EventDate "2021.06.24"]
[EventType "team-tourn"]
[EventRounds "11"]
[EventCountry "FRA"]
[SourceTitle "CBM 203 Extra"]
[Source "ChessBase"]
[SourceDate "2021.09.30"]
[SourceVersion "1"]
[SourceVersionDate "2021.09.30"]
[SourceQuality "1"]
[WhiteTeam "Asnieres"]
[BlackTeam "Paris Club 608"]
[WhiteTeamCountry "FRA"]
[BlackTeamCountry "FRA"]

1. e4 d6 2. d4 Nf6 3. Nc3 e5 4. Nge2 Be7 5. g3 c6 6. a4 Nbd7 7. Bg2 b6 8. 0-0 a6 9. h3 h5 10. f4 Bb7 11. fxe5 dxe5 12. d5 Bc5+ 13. Kh1 Ng4 14. Qe1 b5 15. b4 Bb6 16. dxc6 Bxc6 17. Nd5 Rc8 18. Nxb6 Qxb6 19. a5 Qa7 20. Ra3 Ndf6 21. Nc3 Qd4 22. Ne2 Qa7 23. Rc3 Bb7 24. Rxc8+ Bxc8 25. Nc3 Bb7 26. Nd5 Nxd5 27. exd5 f6 28. c3 Ke7 29. Qe4 Kd6 30. Qf5 Bc8 31. Qc2 Bb7 32. Be4 Bxd5 33. Bxd5 Kxd5 34. hxg4 hxg4+ 35. Kg2 Qb7 36. Re1 Ke6+ 37. Qe4 Qd7 38. Qxg4+ Ke7 39. Qxg7+ 1-0

[Event "EU-Cup 35th"]
[Site "Ulcinj"]
[Date "2019.11.16"]
[Round "7.13"]
[White "Goldsztejn, Gildas"]
[Black "Abergel, Thal"]
[Result "0-1"]
[WhiteElo "2426"]
[BlackElo "2469"]
[PlyCount "184"]
[EventDate "2019.11.10"]
[EventType "team-swiss"]
[EventRounds "7"]
[EventCountry "MNE"]
[SourceTitle "CBM 193 Extra"]
[Source "ChessBase"]
[SourceDate "2020.01.31"]
[SourceVersion "1"]
[SourceVersionDate "2020.01.31"]
[SourceQuality "1"]
[WhiteTeam "Asnieres"]
[BlackTeam "Viernheim"]
[WhiteTeamCountry "FRA"]
[BlackTeamCountry "GER"]

1. e4 e5 2. Nf3 Nc6 3. Nc3 Nf6 4. Be2 Be7 5. d4 exd4 6. Nxd4 d6 7. Nxc6 bxc6 8. Be3 0-0 9. 0-0 c5 10. f4 Bb7 11. Bf3 Rb8 12. Rb1 Re8 13. Re1 Bf8 14. Bf2 Nd7 15. a3 Nb6 16. b4 cxb4 17. axb4 g6 18. Nb5 a6 19. Nd4 c5 20. bxc5 dxc5 21. Nb3 Qc7 22. f5 Rbd8 23. Qc1 Nc4 24. Bh4 Be7 25. Qh6 Bxh4 26. Qxh4 Ne5 27. f6 Rd6 28. Rf1 Kh8 29. Kh1 c4 30. Nc5 Bc8 31. Na4 c3 32. Qe1 Rd2 33. Qe3 Rxc2 34. Bd1 Ng4 35. Bxg4 Bxg4 36. h3 Be2 37. Rf4 Qe5 38. Nc5 Bb5 39. Rf3 Qd6 40. Nb3 Rb2 41. Qc1 Rd8 42. Rxc3 Rxb1 43. Qxb1 Qxf6 44. Rf3 Qe5 45. Qc2 Kg8 46. Rc3 Rd1+ 47. Qxd1 Qxc3 48. Qd8+ Kg7 49. Nd2 Qa1+ 50. Kh2 Qe5+ 51. Kh1 h6 52. Qb6 Bd3 53. Qe3 Qc3 54. e5 Qc1+ 55. Kh2 Bf5 56. Qf4 Qc3 57. Nf3 Qd3 58. Qh4 g5 59. Qb4 Qe4 60. Qd6 Qf4+ 61. Kg1 Be4 62. Nd2 Bb7 63. Qd7 a5 64. Qxb7 Qxd2 65. Qe7 Qf4 66. Qc5 a4 67. Qc3 h5 68. e6+ Qf6 69. Qb4 Qa1+ 70. Kh2 Qe5+ 71. Kg1 Qe3+ 72. Kh2 fxe6 73. Qe7+ Kg6 74. Qe8+ Kf6 75. Qf8+ Ke5 76. Qb8+ Kf5 77. Qf8+ Ke4 78. Qa8+ Kd3 79. Qa6+ Kc3 80. Qc6+ Kb3 81. Qb5+ Ka3 82. Qb1 Qe5+ 83. Kh1 Qc3 84. Qd1 h4 85. Qd6+ Kb2 86. Qxe6 a3 87. Qe2+ Kb1 88. Qb5+ Qb2 89. Qd3+ Ka1 90. Kh2 Qe5+ 91. Kg1 Qe1+ 92. Kh2 Qg3+ 0-1

[Event "EU-Cup 35th"]
[Site "Ulcinj"]
[Date "2019.11.11"]
[Round "2.2"]
[White "Goldsztejn, Gildas"]
[Black "Ivanisevic, Ivan"]
[Result "0-1"]
[WhiteElo "2426"]
[BlackElo "2598"]
[PlyCount "76"]
[EventDate "2019.11.10"]
[EventType "team-swiss"]
[EventRounds "7"]
[EventCountry "MNE"]
[SourceTitle "CBM 193 Extra"]
[Source "ChessBase"]
[SourceDate "2020.01.31"]
[SourceVersion "1"]
[SourceVersionDate "2020.01.31"]
[SourceQuality "1"]
[WhiteTeam "Asnieres"]
[BlackTeam "Sloven Ruma"]
[WhiteTeamCountry "FRA"]
[BlackTeamCountry "SRB"]

1. e4 c5 2. Nf3 e6 3. b3 a6 4. Bb2 Nc6 5. c4 Qc7 6. g3 Nf6 7. e5 Ng4 8. Qe2 b6 9. Bg2 Bb7 10. 0-0 Nh6 11. Nc3 Nf5 12. Ne4 h5 13. Rad1 h4 14. g4 h3 15. Bh1 Nh4 16. Nfg5 Be7 17. f4 Nd4 18. Bxd4 cxd4 19. Nd6+ Bxd6 20. exd6 Qb8 21. f5 Bxh1 22. fxe6 fxe6 23. Nxe6 Qxd6 24. Ng5+ Qe7 25. Rde1 Qxe2 26. Rxe2+ Kd8 27. Kxh1 Kc7 28. Nxh3 Rae8 29. Rfe1 Ref8 30. Ng5 d3 31. Re3 Rf2 32. Rd1 Rhf8 33. h3 Re2 34. Kg1 Rff2 35. Rxd3 Rg2+ 36. Kf1 Ref2+ 37. Ke1 Rf8 38. Re3 Rgf2 0-1

[Event "FRA-chT Top 12"]
[Site "Brest"]
[Date "2019.05.26"]
[Round "9.7"]
[White "Goldsztejn, Gildas"]
[Black "Jeanne, Mickael"]
[Result "1-0"]
[WhiteElo "2423"]
[BlackElo "2150"]
[PlyCount "67"]
[EventDate "2019.05.18"]
[EventType "team-tourn"]
[EventRounds "11"]
[EventCountry "FRA"]
[SourceTitle "CBM 190 Extra"]
[Source "ChessBase"]
[SourceDate "2019.07.15"]
[SourceVersion "1"]
[SourceVersionDate "2019.07.15"]
[SourceQuality "1"]
[WhiteTeam "Asnieres"]
[BlackTeam "Gonfreville"]
[WhiteTeamCountry "FRA"]
[BlackTeamCountry "FRA"]

1. e4 c5 2. Nf3 d6 3. d4 cxd4 4. Nxd4 Nf6 5. Nc3 a6 6. Be2 e5 7. Nb3 Be6 8. Be3 h5 9. Bg5 Nbd7 10. Nd5 Bxd5 11. exd5 g6 12. 0-0 Bg7 13. c4 Qc7 14. Rc1 b6 15. Nd2 0-0 16. b4 Rfe8 17. Be3 a5 18. a3 Qb7 19. Qb3 Bf8 20. f3 axb4 21. axb4 b5 22. Ne4 bxc4 23. Bxc4 Reb8 24. Rb1 Nxe4 25. fxe4 Be7 26. h3 Bd8 27. Kh1 Bb6 28. Bd2 Bd4 29. Qf3 Nb6 30. Qf6 Kh7 31. Be2 Ra2 32. Rbd1 Na4 33. Bxh5 Rxd2 34. Rxd2 1-0

[Event "FRA-chT Top 12"]
[Site "Haguenau"]
[Date "2013.06.08"]
[Round "10.7"]
[White "Relange, Eloi"]
[Black "Goldsztejn, Gildas"]
[Result "1/2-1/2"]
[WhiteElo "2470"]
[BlackElo "2402"]
[PlyCount "35"]
[EventDate "2013.05.30"]
[EventType "team-tourn"]
[EventRounds "11"]
[EventCountry "FRA"]
[SourceTitle "CBM 154 Extra"]
[Source "ChessBase"]
[SourceDate "2013.06.25"]
[SourceVersion "2"]
[SourceVersionDate "2013.06.25"]
[SourceQuality "1"]
[WhiteTeam "Evry Grand Roque"]
[BlackTeam "Marseille Echecs"]
[WhiteTeamCountry "FRA"]
[BlackTeamCountry "FRA"]

1. d4 Nf6 2. c4 g6 3. g3 Bg7 4. Bg2 0-0 5. Nc3 d6 6. Nf3 c6 7. 0-0 Qa5 8. e4 Qh5 9. e5 dxe5 10. Nxe5 Ng4 11. Nf3 Rd8 12. Ne2 e5 13. h3 e4 14. Ng5 e3 15. hxg4 Qxg5 16. Bxe3 Qxg4 17. d5 Qxc4 18. Rc1 1/2-1/2

[Event "FRA-chT Top 12"]
[Site "Haguenau"]
[Date "2013.06.01"]
[Round "3.7"]
[White "Karim, Ismael"]
[Black "Goldsztejn, Gildas"]
[Result "1/2-1/2"]
[WhiteElo "2405"]
[BlackElo "2402"]
[PlyCount "45"]
[EventDate "2013.05.30"]
[EventType "team-tourn"]
[EventRounds "11"]
[EventCountry "FRA"]
[SourceTitle "CBM 154 Extra"]
[Source "ChessBase"]
[SourceDate "2013.06.25"]
[SourceVersion "2"]
[SourceVersionDate "2013.06.25"]
[SourceQuality "1"]
[WhiteTeam "Grasse Echecs"]
[BlackTeam "Marseille Echecs"]
[WhiteTeamCountry "FRA"]
[BlackTeamCountry "FRA"]

1. e4 c5 2. Nf3 Nc6 3. Bb5 g6 4. 0-0 Bg7 5. Re1 Nf6 6. e5 Nd5 7. Bxc6 bxc6 8. d4 cxd4 9. Qxd4 Nc7 10. c4 d6 11. Bh6 Bxh6 12. exd6 0-0 13. Qh4 exd6 14. Qxh6 Qf6 15. Nc3 Bf5 16. Rad1 Rfe8 17. Qf4 Rxe1+ 18. Rxe1 Kg7 19. Nd4 Ne6 20. Nxe6+ Bxe6 21. Qxd6 Bxc4 22. Qc5 Bd5 23. Nxd5 1/2-1/2

[Event "Marseille op 5th"]
[Site "Marseille"]
[Date "2012.12.26"]
[Round "2"]
[White "Utrera, Ludovic"]
[Black "Goldsztejn, Gildas"]
[Result "0-1"]
[WhiteElo "1963"]
[BlackElo "2415"]
[PlyCount "78"]
[EventDate "2012.12.26"]
[EventType "swiss"]
[EventRounds "9"]
[EventCountry "FRA"]
[SourceTitle "EXT 2014"]
[Source "ChessBase"]
[SourceDate "2013.11.20"]
[SourceVersion "1"]
[SourceVersionDate "2013.11.20"]
[SourceQuality "1"]

1. e4 Nf6 2. e5 Nd5 3. Nc3 e6 4. Nxd5 exd5 5. Nf3 Nc6 6. d4 d6 7. exd6 Bxd6 8. Bg5 f6 9. Be3 0-0 10. Be2 f5 11. Bg5 Qe8 12. 0-0 f4 13. Re1 h6 14. Bb5 Qf7 15. Bh4 Bg4 16. Bxc6 bxc6 17. h3 Bxf3 18. Qxf3 g5 19. Qg4 Qf5 20. Qh5 Kh7 21. Bxg5 Qxg5 22. Qxg5 hxg5 23. Re6 Rae8 24. Rae1 Rxe6 25. Rxe6 Kg7 26. Kf1 f3 27. g3 Rh8 28. Re3 Rxh3 29. Rxf3 Rh1+ 30. Ke2 Ra1 31. a3 Rb1 32. Rb3 a5 33. Kd2 a4 34. Rb7 g4 35. Ke2 Kf6 36. Kd2 Kf5 37. Kd3 Bxa3 38. Rxc7 Bxb2 39. c3 a3 0-1

[Event "FRA-chT Top 12"]
[Site "Mulhouse"]
[Date "2011.06.04"]
[Round "10.7"]
[White "Tkachiev, Vladislav"]
[Black "Goldsztejn, Gildas"]
[Result "1/2-1/2"]
[WhiteElo "2626"]
[BlackElo "2422"]
[PlyCount "25"]
[EventDate "2011.05.26"]
[EventType "team-tourn"]
[EventRounds "11"]
[EventCountry "FRA"]
[SourceTitle "CBM 142 Extra"]
[Source "ChessBase"]
[SourceDate "2011.06.27"]
[SourceVersion "1"]
[SourceVersionDate "2011.06.27"]
[SourceQuality "1"]
[WhiteTeam "Evry Grand Roque"]
[BlackTeam "Mulhouse Philidor"]
[WhiteTeamCountry "FRA"]
[BlackTeamCountry "FRA"]

1. Nf3 Nf6 2. c4 e6 3. g3 d5 4. d4 dxc4 5. Bg2 Bd7 6. Nbd2 Bb4 7. Qc2 Bb5 8. 0-0 Nc6 9. Rd1 Bxd2 10. Bxd2 0-0 11. a3 Re8 12. Be1 Qd5 13. a4 1/2-1/2

[Event "FRA-chT2 0910"]
[Site "France"]
[Date "2010.01.24"]
[Round "7.1"]
[White "Boulard, Eric"]
[Black "Goldsztejn, Gildas"]
[Result "0-1"]
[WhiteElo "2243"]
[BlackElo "2419"]
[PlyCount "68"]
[EventDate "2009.09.27"]
[EventType "team-tourn"]
[EventRounds "11"]
[EventCountry "FRA"]
[SourceTitle "EXT 2011"]
[Source "ChessBase"]
[SourceDate "2010.11.26"]
[SourceVersion "1"]
[SourceVersionDate "2010.11.26"]
[SourceQuality "1"]

1. e4 e5 2. f4 exf4 3. Nf3 g5 4. h4 g4 5. Ne5 d6 6. Nxg4 Be7 7. d4 Bxh4+ 8. Nf2 Qg5 9. Qf3 Nc6 10. Qxf4 Qxf4 11. Bxf4 Bxf2+ 12. Kxf2 Nxd4 13. Nc3 Ne6 14. Bg3 Nf6 15. Be2 Nc5 16. Bf3 Ng4+ 17. Ke2 Be6 18. Rh4 Rg8 19. Bf4 0-0-0 20. Rxh7 Bc4+ 21. Kd2 Ne5 22. Nd5 Nxf3+ 23. gxf3 Rg2+ 24. Kc3 Bxd5 25. exd5 Rf2 26. Rxf7 Rxf3+ 27. Kd2 Rf2+ 28. Kc3 Na4+ 29. Kb3 Nb6 30. Rd1 Re8 31. a3 a5 32. a4 Nd7 33. Rd2 Rf3+ 34. Ka2 Re4 0-1

[Event "Marseille op 2nd "]
[Site "Marseille"]
[Date "2009.12.28"]
[Round "5"]
[White "Sanduleac, Vasile"]
[Black "Goldsztejn, Gildas"]
[Result "1/2-1/2"]
[WhiteElo "2470"]
[BlackElo "2419"]
[PlyCount "52"]
[EventDate "2009.12.26"]
[EventType "swiss"]
[EventRounds "9"]
[EventCountry "FRA"]
[SourceTitle "CBM 134 Extra"]
[Source "ChessBase"]
[SourceDate "2010.03.03"]
[SourceVersion "1"]
[SourceVersionDate "2010.03.03"]
[SourceQuality "1"]

1. e4 c5 2. Nf3 Nc6 3. Bb5 Qb6 4. Ba4 e6 5. 0-0 Nge7 6. c3 Ng6 7. d4 Be7 8. d5 Nb8 9. Na3 0-0 10. e5 exd5 11. Qxd5 Qe6 12. Bb3 Qxd5 13. Bxd5 Nc6 14. Nc4 b6 15. Re1 Ba6 16. Bd2 Rad8 17. Rad1 h6 18. Bc1 Rfe8 19. Re4 Bxc4 20. Bxc4 Bf6 21. Bb5 Ncxe5 22. Nxe5 Rxe5 23. Rxe5 Nxe5 24. Bf4 d5 25. Kf1 Kf8 26. Re1 Ng6 1/2-1/2

[Event "Marseille op 2nd "]
[Site "Marseille"]
[Date "2009.12.26"]
[Round "2"]
[White "Goldsztejn, Gildas"]
[Black "Flores, Francisco"]
[Result "1-0"]
[WhiteElo "2419"]
[BlackElo "1928"]
[PlyCount "71"]
[EventDate "2009.12.26"]
[EventType "swiss"]
[EventRounds "9"]
[EventCountry "FRA"]
[SourceTitle "CBM 134 Extra"]
[Source "ChessBase"]
[SourceDate "2010.03.03"]
[SourceVersion "1"]
[SourceVersionDate "2010.03.03"]
[SourceQuality "1"]

1. Nf3 Nf6 2. c4 e6 3. Nc3 d5 4. d4 c6 5. cxd5 cxd5 6. Bf4 Be7 7. e3 Bd7 8. Qb3 Qc8 9. Nb5 Bxb5 10. Bxb5+ Nbd7 11. 0-0 0-0 12. Rac1 Qd8 13. Bc7 Qc8 14. Ba4 Nc5 15. dxc5 Qxc7 16. c6 Rab8 17. cxb7 Qxb7 18. Qxb7 Rxb7 19. Rc2 Rfb8 20. b3 Ne4 21. Rfc1 Bf8 22. Ne5 Rd8 23. Nc6 Rd6 24. f3 Nf6 25. Na5 Rb8 26. Rc7 a6 27. Nc6 Ra8 28. Ne5 Rdd8 29. Nxf7 Rdb8 30. Ng5 e5 31. Bc6 Bd6 32. Bxa8 Bxc7 33. Rxc7 Rxa8 34. Ne6 g6 35. Rg7+ Kh8 36. Rf7 1-0

[Event "La Fere op 8th"]
[Site "La Fere"]
[Date "2009.07.05"]
[Round "2"]
[White "Goldsztejn, Gildas"]
[Black "Nanu, Ciprian Costica"]
[Result "1/2-1/2"]
[WhiteElo "2403"]
[BlackElo "2535"]
[PlyCount "200"]
[EventDate "2009.07.04"]
[EventType "swiss"]
[EventRounds "9"]
[EventCountry "FRA"]
[SourceTitle "CBM 131 Extra"]
[Source "ChessBase"]
[SourceDate "2009.09.03"]
[SourceVersion "2"]
[SourceVersionDate "2009.09.16"]
[SourceQuality "1"]

1. e4 c6 2. d4 d5 3. Nd2 dxe4 4. Nxe4 Nd7 5. Bc4 Ngf6 6. Ng5 Nd5 7. N1f3 e6 8. 0-0 Be7 9. Bd3 h6 10. Ne4 Nb4 11. Be2 0-0 12. c4 c5 13. a3 Na6 14. Be3 cxd4 15. Nxd4 Nc7 16. Qc2 f5 17. Nc3 f4 18. Bd2 e5 19. Nf3 Nc5 20. Nxe5 Bf5 21. Qd1 N7e6 22. b4 Bf6 23. Ng4 Bxc3 24. Bxc3 Ne4 25. Bb2 Qg5 26. Qd5 Rad8 27. Qe5 h5 28. h3 Nd2 29. Nh2 Nxf1 30. Bxf1 Qf6 31. Qe2 Nd4 32. Qxh5 f3 33. Re1 Bg6 34. Bxd4 Bxh5 35. Bxf6 Rxf6 36. Nxf3 Bxf3 37. gxf3 b6 38. Bg2 Rf4 39. Rc1 Rfd4 40. Bf1 Rd1 41. Rc3 R8d6 42. f4 Rg6+ 43. Rg3 Rf6 44. Rf3 Ra1 45. f5 g6 46. Rg3 Kf7 47. fxg6+ Rxg6 48. Rxg6 Kxg6 49. b5 Rxa3 50. Kg2 Kg5 51. Be2 Rc3 52. Bf1 Kh4 53. Be2 Kg5 54. Bf1 Kf4 55. Be2 Rc2 56. Bd3 Rc1 57. Be2 Rc3 58. Bf1 Ra3 59. Be2 a5 60. bxa6 Rxa6 61. Bf1 Ra2 62. Bd3 Ra8 63. Be2 Re8 64. Bf3 Re5 65. Bc6 Rg5+ 66. Kf1 Rc5 67. Bb5 Kf3 68. Kg1 Ke2 69. Bd7 Ke1 70. f4 Rxc4 71. f5 Rc7 72. Be6 Rg7+ 73. Kh2 Kf2 74. h4 Kf3 75. f6 Rg6 76. f7 Rf6 77. Kh3 Kf4 78. Bc4 Kf5 79. Kg3 Kg6 80. Kg4 Kg7 81. h5 Rc6 82. Bd5 Rd6 83. Bb3 Kf8 84. Kg5 Rd3 85. Be6 Rg3+ 86. Kf6 Rf3+ 87. Kg6 Ke7 88. Bd5 Rg3+ 89. Kf5 Rd3 90. Bc4 Rc3 91. Ba2 Ra3 92. Bd5 Ra5 93. Ke5 b5 94. Kd4 b4 95. h6 Ra6 96. h7 Rh6 97. Kc4 Rh4+ 98. Kb3 Rxh7 99. Kxb4 Rxf7 100. Bxf7 Kxf7 1/2-1/2

[Event "Livry Gargan op rap"]
[Site "Livry Gargan"]
[Date "2009.05.10"]
[Round "7"]
[White "Hauchard, Arnaud"]
[Black "Goldsztejn, Gildas"]
[Result "0-1"]
[WhiteElo "2512"]
[BlackElo "2407"]
[PlyCount "66"]
[EventDate "2009.05.10"]
[EventType "swiss"]
[EventRounds "9"]
[EventCountry "FRA"]
[SourceTitle "CBM 130 Extra"]
[Source "ChessBase"]
[SourceDate "2009.07.02"]
[SourceVersion "2"]
[SourceVersionDate "2009.07.15"]
[SourceQuality "1"]

1. Nf3 d5 2. c4 c6 3. e3 Nf6 4. Nc3 e6 5. Qc2 Nbd7 6. b3 Bd6 7. g4 h6 8. Bb2 Qe7 9. Rg1 g5 10. cxd5 exd5 11. h4 Ne5 12. Nxe5 Bxe5 13. Be2 d4 14. Na4 dxe3 15. dxe3 Bd7 16. 0-0-0 0-0-0 17. Qc5 Bxb2+ 18. Kxb2 Qxc5 19. Nxc5 gxh4 20. Rd4 Rhg8 21. Rf4 Rg6 22. Bd3 Nd5 23. Rxf7 Rxg4 24. Rd1 Rg2 25. Be4 Rh2 26. Rd2 Bg4 27. Nxb7 Rd7 28. Rxd7 Kxd7 29. Kc2 Kc7 30. Nc5 h3 31. Kd3 Nf6 32. Kd4 Nxe4 33. Nxe4 Rg2 0-1

[Event "Livry Gargan op rap"]
[Site "Livry Gargan"]
[Date "2009.05.10"]
[Round "5"]
[White "Vachier Lagrave, Maxime"]
[Black "Goldsztejn, Gildas"]
[Result "1-0"]
[WhiteElo "2684"]
[BlackElo "2407"]
[PlyCount "95"]
[EventDate "2009.05.10"]
[EventType "swiss"]
[EventRounds "9"]
[EventCountry "FRA"]
[SourceTitle "CBM 130 Extra"]
[Source "ChessBase"]
[SourceDate "2009.07.02"]
[SourceVersion "2"]
[SourceVersionDate "2009.07.15"]
[SourceQuality "1"]

1. e4 e5 2. Nf3 Nc6 3. Bb5 a6 4. Ba4 Nf6 5. 0-0 b5 6. Bb3 Bc5 7. a4 Rb8 8. axb5 axb5 9. d3 h6 10. Be3 d6 11. h3 0-0 12. Nc3 Bxe3 13. fxe3 Be6 14. Bxe6 fxe6 15. Ra6 Nb4 16. Ra5 c6 17. Ra1 Qb6 18. Qd2 c5 19. Kh2 Nc6 20. Ne2 d5 21. Ng3 Rbd8 22. Qc3 Kh7 23. exd5 exd5 24. Qe1 e4 25. dxe4 Nxe4 26. Nxe4 dxe4 27. Nd2 Qc7+ 28. Kg1 Rxf1+ 29. Nxf1 Qe5 30. Qh4 Re8 31. c3 b4 32. Ra6 bxc3 33. bxc3 Ne7 34. Qg4 h5 35. Qe6 Nd5 36. Qg6+ Kh8 37. c4 Nf6 38. Ng3 Rd8 39. Ra7 Nh7 40. Nxh5 Rd1+ 41. Kf2 Qb2+ 42. Kg3 Qb8+ 43. Nf4 Qxa7 44. Qe8+ Nf8 45. Ng6+ Kg8 46. Ne7+ Kh8 47. Qxf8+ Kh7 48. Qf5+ 1-0

[Event "Vandoeuvre op 5th"]
[Site "Vandoeuvre"]
[Date "2008.12.29"]
[Round "8"]
[White "Guichard, Pauline"]
[Black "Goldsztejn, Gildas"]
[Result "0-1"]
[WhiteElo "2277"]
[BlackElo "2415"]
[PlyCount "60"]
[EventDate "2008.12.26"]
[EventType "swiss"]
[EventRounds "9"]
[EventCountry "FRA"]
[SourceTitle "CBM 127 Extra"]
[Source "ChessBase"]
[SourceDate "2009.01.08"]
[SourceVersion "2"]
[SourceVersionDate "2009.01.28"]
[SourceQuality "1"]

1. d4 d5 2. c4 e5 3. dxe5 d4 4. Nf3 Nc6 5. g3 Nge7 6. Bg2 Ng6 7. Nbd2 Ngxe5 8. 0-0 Nxf3+ 9. Nxf3 Bc5 10. Ne1 0-0 11. Nd3 Be7 12. Rb1 a5 13. b3 Bf5 14. a3 Re8 15. Re1 Qd7 16. Qd2 h6 17. Bb2 Bg5 18. Qc2 Re7 19. Rbd1 Rae8 20. h4 Bf6 21. Qd2 Qd6 22. Nf4 Bg4 23. Bh3 Bxh3 24. Nxh3 Re3 25. c5 Rxg3+ 26. Kf1 Qd7 27. Ng1 Rxg1+ 28. Kxg1 Qg4+ 29. Kf1 Qh3+ 30. Kg1 Re4 0-1

[Event "Vandoeuvre op 5th"]
[Site "Vandoeuvre"]
[Date "2008.12.28"]
[Round "6"]
[White "Goldsztejn, Gildas"]
[Black "Chobaut, Nicolas"]
[Result "1-0"]
[WhiteElo "2415"]
[BlackElo "1987"]
[PlyCount "51"]
[EventDate "2008.12.26"]
[EventType "swiss"]
[EventRounds "9"]
[EventCountry "FRA"]
[SourceTitle "CBM 127 Extra"]
[Source "ChessBase"]
[SourceDate "2009.01.08"]
[SourceVersion "2"]
[SourceVersionDate "2009.01.28"]
[SourceQuality "1"]

1. e4 e6 2. d4 d5 3. Nc3 Bb4 4. e5 c5 5. a3 Bxc3+ 6. bxc3 Qc7 7. Qg4 f5 8. Qg3 cxd4 9. Bb5+ Bd7 10. Qxg7 Qxc3+ 11. Kd1 Qxa1 12. Qxh8 Kf8 13. Bd3 Nc6 14. h4 Re8 15. Rh3 Ke7 16. Rg3 Nxe5 17. Qxe5 Kd8 18. Nf3 Kc8 19. Nxd4 Ne7 20. h5 f4 21. Rg7 Nf5 22. Bxf5 exf5 23. Qxd5 Re1+ 24. Kxe1 Qxc1+ 25. Ke2 f3+ 26. gxf3 1-0

[Event "Paris Apsap op 103rd"]
[Site "Paris"]
[Date "2008.08.11"]
[Round "9"]
[White "Goldsztejn, Gildas"]
[Black "Camus de Solliers, Guillaume"]
[Result "1-0"]
[WhiteElo "2374"]
[BlackElo "2319"]
[PlyCount "111"]
[EventDate "2008.08.06"]
[EventType "swiss"]
[EventRounds "9"]
[EventCountry "FRA"]
[SourceTitle "EXT 2010"]
[Source "ChessBase"]
[SourceDate "2010.11.25"]
[SourceVersion "1"]
[SourceVersionDate "2010.11.25"]
[SourceQuality "1"]

1. Nf3 Nf6 2. c4 e6 3. Nc3 Bb4 4. Qc2 0-0 5. a3 Bxc3 6. Qxc3 c5 7. d3 d6 8. g3 b6 9. Bg2 Bb7 10. 0-0 Nbd7 11. b4 Qe7 12. Bb2 Rfc8 13. b5 a6 14. a4 a5 15. e4 d5 16. e5 d4 17. Nxd4 Nxe5 18. Nf5 exf5 19. Qxe5 Qxe5 20. Bxe5 Bxg2 21. Kxg2 Nd7 22. Bd6 Nf8 23. d4 cxd4 24. c5 Rxc5 25. Bxc5 bxc5 26. Rfc1 Ne6 27. Rab1 Kf8 28. b6 Ke7 29. Rb5 Kd6 30. Rcb1 d3 31. Rxa5 Rb8 32. Kf3 c4 33. Ke3 Nc5 34. f3 Kc6 35. b7 Re8+ 36. Kd4 Nb3+ 37. Kc3 d2 38. Ra8 Re3+ 39. Kxc4 Kxb7 40. Rd8 Kc7 41. Rxb3 Rxb3 42. Kxb3 Kxd8 43. Kc2 Kc7 44. Kxd2 Kb6 45. Kc3 Kc5 46. f4 f6 47. h4 g6 48. Kb3 h6 49. Kc3 g5 50. h5 g4 51. Kb3 Kd4 52. a5 Ke3 53. a6 Kf2 54. a7 Kxg3 55. a8Q Kh2 56. Qf8 1-0